Mythological objects - Statistics

General Stats
  • This quiz has been taken 39 times
  • The average score is 9 of 30
Answer Stats
Hint Mythological object Type of object % Correct
The legendary sword of King Arthur Excalibur sword
100%
Thor's magical hammer Mjölnir hammer
76%
Often the only weapon effective against werewolves etc. Silver bullet small projectile
63%
Jack trades the family cow for a handful Magic bean botany
61%
Leprechauns store it away Pot of Gold container
61%
A part of the golden winged ram, sought by Jason and the Argonauts Golden Fleece skin/hair
58%
Flat Arabian transportation device, sometimes a US drug reference Magic carpet floor covering
55%
A ghost ship that can never make port Flying Dutchman ship
53%
A wooden chest clad in gold, holding the Ten Commandments Ark of the Covenant furniture
50%
Jason's ship with speaking timber from sacred forest of Dodona Argo ship
47%
A field of luminous radiation surrounding a person, sometimes "read" Aura substance
47%
Turns lead into gold and creates something out of nothing Philosopher's stone stone
47%
Popular among Egyptians, key of life Ankh amulet
42%
Cronus castrated his father Uranus with it Cronus' scythe large sickle
37%
Set gouged out the left one, mostly restored by Thoth Eye of Horus body part
21%
Vedic and Zoroastrian divine drink, drug in BNW (Huxley) Soma drink
16%
Amaterasu was lured out of the cave through one, nowadays at shrines Torii gate
13%
Christian/Jew God's list of nice, not naughty Book of Life book
11%
Serpent beings create dingo to kill two tribal leaders, earth itself rises in grief Uluru stone
11%
Alberich the dward steals Rhinegold to make this object Nibelungen ring ring
5%
The god Tezcatlipoca uses it to see the whole cosmos Smoking mirror mirror
5%
A mail shirt made by Wayland the Smith Armor of Beowulf armor
3%
Of a man who was hanged alive, disembodied and pickled, unlocks any door Hand of Glory limb part
3%
A ship made out of fingernails and toenails of the dead Naglfar ship
3%
Unbreakable shackles of adamantine that were made by Hephaestus Prometheus's chains shackles
3%
The Druids believed the plant had the power to avert evil spirits Shamrock plant
3%
Used to staunch Jesus' wounds, called "Tears of Isis" & "Devil's Bane" Verbena flower plant
3%
Scottish sword with human skin in scabbard, hilt and belt Wallace Sword sword
3%
Instrumental in creating and maintaining the divine structure of the universe Jade books in Heaven Daoist books
0%
Constructed by Ilmarinen to bring riches and good fortune to its holder Sampo dispenser
0%
No matching quizzes found
Score Distribution
Percent of People with Each Score
Percentile by Number Answered
Your Score History
You have not taken this quiz